header

Aquatic insects (Record no. 34199)

MARC details
000 -LEADER
fixed length control field 01386nam a2200313 a 4500
082 04 - DEWEY DECIMAL CLASSIFICATION NUMBER
Classification number 595.7176
245 10 - TITLE STATEMENT
Title Aquatic insects
260 ## - PUBLICATION, DISTRIBUTION, ETC. (IMPRINT)
Place of publication Wallingford, Oxfordshire ;
-- Cambridge, MA :
Name of publisher CABI International,
Year of publication c2008.
300 ## - PHYSICAL DESCRIPTION
Number of Pages x, 332 p. :
Other physical details ill.
650 #0 - SUBJECT ADDED ENTRY--TOPICAL TERM
Topical Term Aquatic insects
700 1# - ADDED ENTRY--PERSONAL NAME
Personal name Lancaster, Jill.
Personal name Briers, Rob A.
856 40 - ELECTRONIC LOCATION AND ACCESS
Uniform Resource Identifier http://site.ebrary.com/lib/rucke/Doc?id=10255053

No items available.

© 2026 Rongo University
Contact us: librarian | system librarian | Rongo university